Prodáno! jak přesvědčíte zákazníky, aby kupovali od vás

Enregistré dans:
Détails bibliographiques
Auteur principal: Martin, Steve
Autres auteurs: Colleran, Gary, Slezák, Pavel
Format: Livre
Langue:anglais
Publié: Praha Grada Publishing 2005
Collection:Manažer
Sujets:
Tags: Ajouter un tag
Pas de tags, Soyez le premier à ajouter un tag!

MARC

LEADER 00000nam$a2200000$$$4500
001 0031557
005 20240306141616.4
020 |a 80-247-1093-5 
041 0 |a eng 
044 |a CZ 
245 1 0 |a Prodáno!  |b jak přesvědčíte zákazníky, aby kupovali od vás  |c Steve Martin, Gary Colleran ; prekl. Pavel Slezák 
264 1 |a Praha  |b Grada Publishing  |c 2005 
300 |a 132 s. 
490 1 |a Manažer 
830 0 |a Manažer 
610 2 0 |a predaj 
610 2 0 |a predajcovia 
610 2 0 |a zákazníci 
610 2 0 |a psychológia predaja 
100 1 |a Martin, Steve 
700 1 |a Colleran, Gary 
700 1 |a Slezák, Pavel